Advances in Satellite Meteorology (Record no. 616069)

000 -LEADER
fixed length control field 00483nam a22001697a 4500
003 - CONTROL NUMBER IDENTIFIER
control field NUST
005 - DATE AND TIME OF LATEST TRANSACTION
control field 20260203151926.0
008 - FIXED-LENGTH DATA ELEMENTS--GENERAL INFORMATION
fixed length control field 260203b ||||| |||| 00| 0 eng d
020 ## - INTERNATIONAL STANDARD BOOK NUMBER
International Standard Book Number 978-0470908365
082 ## - DEWEY DECIMAL CLASSIFICATION NUMBER
Classification number 551.63405
100 ## - MAIN ENTRY--PERSONAL NAME
Personal name N.K. Vinnichenko & A.G. Gorelik
9 (RLIN) 133071
245 ## - TITLE STATEMENT
Title Advances in Satellite Meteorology
Statement of responsibility, etc. N.K. Vinnichenko & A.G. Gorelik
260 ## - PUBLICATION, DISTRIBUTION, ETC.
Place of publication, distribution, etc. New York:
Name of publisher, distributor, etc. Halsted Press,
Date of publication, distribution, etc. 1974
300 ## - PHYSICAL DESCRIPTION
Extent 148 p ;
563 ## - BINDING INFORMATION
Binding note Hardcover
942 ## - ADDED ENTRY ELEMENTS (KOHA)
Source of classification or shelving scheme
Koha item type Book
Holdings
Withdrawn status Lost status Source of classification or shelving scheme Damaged status Not for loan Permanent Location Current Location Date acquired Total Checkouts Full call number Barcode Date last seen Price effective from Koha item type
          Institute of Geographical Information Systems (IGIS) Institute of Geographical Information Systems (IGIS) 02/03/2026   551.63405 IGIS-105 02/03/2026 02/03/2026 Book
© 2023 Central Library, National University of Sciences and Technology. All Rights Reserved.